| 000 | 00546nam a2200181Ia 4500 | ||
|---|---|---|---|
| 008 | 100920s9999 xx 000 0 und d | ||
| 082 |
_b83486 _a--- न 03 |
||
| 100 | _aसावंत पंढरीनाथ. | ||
| 245 | _aडोळे 10000. | ||
| 260 |
_bप्राजक्त प्रकाशन,पुणे. _c2003 |
||
| 300 |
_a224 _bसाधी |
||
| 365 | _b200 | ||
| 520 | _aकादंबरी. | ||
| 630 | _aडोळे 10000. | ||
| 650 | _aकादंबरी. | ||
| 730 | _aडोळे 10000. | ||
| 942 | _cBOOK | ||
| 999 |
_c724115 _d724112 |
||